Summer on wheels / (Record no. 3735)

MARC details
000 -LEADER
fixed length control field 00990nam a22002777a 4500
005 - DATE AND TIME OF LATEST TRANSACTION
control field 20250218094140.0
020 ## - INTERNATIONAL STANDARD BOOK NUMBER
International Standard Book Number 0590483366
040 ## - CATALOGING SOURCE
Original cataloging agency DLC
Transcribing agency DLC
Modifying agency DLC
Language of cataloging eng
050 00 - LIBRARY OF CONGRESS CALL NUMBER
Classification number PZ7.S7242
082 00 - DEWEY DECIMAL CLASSIFICATION NUMBER
Classification number Fic
100 1# - MAIN ENTRY--PERSONAL NAME
Personal name Soto, Gary
245 10 - TITLE STATEMENT
Title Summer on wheels /
Statement of responsibility, etc. Gary Soto
Remainder of title A road trip like no other ...
250 ## - EDITION STATEMENT
Edition statement First Scholastic paperback printing , Februrary 1999
260 ## - PUBLICATION, DISTRIBUTION, ETC.
Place of publication, distribution, etc. New York :
Name of publisher, distributor, etc. Scholastic,
Date of publication, distribution, etc. 1995
300 ## - PHYSICAL DESCRIPTION
Extent 163 pages :
Dimensions 20 cm .
Other physical details illustrations ;
505 ## - FORMATTED CONTENTS NOTE
Formatted contents note S <br/>
520 ## - SUMMARY, ETC.
Summary, etc. Hector and his best friend Mondo enjoy many exciting adventures when they take a six-day bike trip from their East Los Angeles neighborhood to the Santa Monica beach during summer vacation.
521 ## - TARGET AUDIENCE NOTE
Target audience note 750 <br/>
Source Lexile <br/>
521 ## - TARGET AUDIENCE NOTE
Target audience note S <br/>
Source Raz-Plus <br/>
650 #1 - SUBJECT ADDED ENTRY--TOPICAL TERM
Topical term or geographic name entry element Bicycles and bicycling
General subdivision Fiction
650 #1 - SUBJECT ADDED ENTRY--TOPICAL TERM
Topical term or geographic name entry element Mexican Americans
General subdivision Fiction
650 #1 - SUBJECT ADDED ENTRY--TOPICAL TERM
Topical term or geographic name entry element Friendship
General subdivision Fiction
906 ## - LOCAL DATA ELEMENT F, LDF (RLIN)
a 7
b cbc
c orignew
d 1
e ocip
f 19
g y-gencatlg
942 ## - ADDED ENTRY ELEMENTS (KOHA)
Source of classification or shelving scheme Dewey Decimal Classification
Koha item type Books
Suppress in OPAC No
999 ## -
-- 3735
-- 3735
Holdings
Withdrawn status Lost status Source of classification or shelving scheme Damaged status Not for loan Collection Home library Current library Shelving location Date acquired Total Checkouts Full call number Barcode Date last seen Price effective from Koha item type Copy number
    Dewey Decimal Classification     Fiction Footprints International School Library Network Toul Kork Campus Footprints International School Library Network Toul Kork Campus TTP Primary Orange Bookshelves 04/25/2024   SOT PZ7.S7242 FISSE00932 04/25/2024 04/25/2024 Books  
    Dewey Decimal Classification     Juvenile Fiction Footprints International School Library Network Toul Kork Campus Footprints International School Library Network Toul Tom Poung Campus TTP Primary Orange Bookshelves 02/18/2025   SOT PZ7.S7242 2025-0595 12/17/2025 02/18/2025 Books 2